000 00326nam a22001337a 4500
008 170918b xxu||||| |||| 00| 0 eng d
020 _a9781855140950
041 _aeng
080 _a7
100 _a44
101 _aART
245 _aTHOMAS EAKINS (1844-1916) AND THE HEART OF AMERICAN LIFE
_cWILMERDING,J
942 _2udc
_cBK
999 _c27902
_d27902